It looks like you're offline.
Open Library logo
additional options menu

MARC record from Internet Archive

LEADER: 03131cam 2200733 4500
001 ocm00104732
003 OCoLC
005 20101202180138.0
008 701204s1971 nyua b 001 0 eng
010 $a 75109245
040 $aDLC$cDLC$dSER$dFCU$dMUQ$dNLGGC$dEYM$dDEBBG$dZWZ
019 $a6433353$a21713754$a213794236
020 $a0070043574
020 $a9780070043572
035 $a(OCoLC)104732$z(OCoLC)6433353$z(OCoLC)21713754$z(OCoLC)213794236
050 0 $aTK7888.3$b.B37
082 4 $a621.3819/58
084 $a54.20$2bcl
084 $a54.61$2bcl
100 1 $aBell, C. Gordon,$ecomp.
245 10 $aComputer structures:$breadings and examples.$c[Compiled by] C. Gordon Bell [and] Allen Newell.
260 $aNew York,$bMcGraw-Hill$c[c1971]
300 $axix, 668 p.$billus.$c24 cm.
440 0 $aMcGraw-Hill computer science series
504 $aBibliography: p. 638-651.
530 $aAlso issued online.
650 7 $aOrdinateurs$xConception et construction.$2ram
650 0 $aElectronic digital computers$xDesign and construction.
650 6 $aOrdinateurs$xConception et construction.
650 07 $aComputerarchitektur.$2swd
650 7 $aCOMPARAISON ORDINATEUR.$2inriac
650 7 $aarchitecture ordinateur.$2inriac
700 1 $aNewell, Allen,$ejoint comp.
776 08 $iOnline version:$aBell, C. Gordon.$tComputer structures.$dNew York, McGraw-Hill [c1971]$w(OCoLC)602116229
776 08 $iOnline version:$aBell, C. Gordon.$tComputer structures.$dNew York, McGraw-Hill [c1971]$w(OCoLC)610210765
952 $a104732$zDLC$bLIBRARY OF CONGRESS$hFull$iLCC$kDDC$u20101129
952 $a134834116$zRBN$bBROWN UNIV$hOther$iLCC$kDDC$u20100719
952 $a164334358$zDEH$bHAGLEY MUS & LIBR$hFull$iLCC$kDDC$u20100803
952 $a173504368$zAOW$bAMERICAN PHILOSOPHICAL SOC LIBR$hFull$iLCC$u20100727
952 $a177074835$zPUL$bPRINCETON UNIV$hFull$iLCC$kDDC$u20100729
952 $a182892149$zXOX$bPALO ALTO RES CTR$hOther$iLCC$kDDC$u20100724
952 $a188222348$zPAU$bUNIV OF PENNSYLVANIA$hFull$iLCC$u20100729
952 $a214452782$zCUY$bUNIV OF CALIFORNIA, BERKELEY$hFull$u20100729
952 $a230299728$zHBS$bHARVARD UNIV, BUSINESS SCH, BAKER LIBR$hFull batch$iLCC$kDDC$u20100721
952 $a232464027$zMCS$bHARVARD UNIV$hLess-than-full batch$iLCC$kDDC$u20100726
952 $a272836368$zSTF$bSTANFORD UNIV LIBR$hFull$iLCC$kDDC$u20100708
952 $a368317541$zUBY$bBRIGHAM YOUNG UNIV LIBR$hFull$iLCC$kDDC$qrec$u20100705
952 $a466971182$zTEU$bTEMPLE UNIV$hOther$u20100701
952 $a685629105$zYUS$bYALE UNIV LIBR$hFull$iLCC$kDDC$u20101128
029 1 $aNLGGC$b780930487
029 1 $aNZ1$b3091602
029 1 $aAU@$b000000249510
029 1 $aAU@$b000012422523
029 1 $aAU@$b000024060092
029 1 $aAU@$b000027501902
029 1 $aNZ1$b12261876
029 1 $aUNITY$b023423765
029 1 $aUKBCC$b0070043574
029 1 $aUKSOU$b0070043574
029 1 $aHEBIS$b082117330
029 1 $aDEBBG$bBV021868638
029 1 $aZWZ$b004658329
994 $aZ0$bPMR
948 $hNO HOLDINGS IN PMR - 668 OTHER HOLDINGS